|
|
|
|
| LEADER |
01037nam a2200277 a 4500 |
| 001 |
0020422 |
| 003 |
BD-DhAAL |
| 008 |
100610s1990 nyua b 001 0 eng d |
| 010 |
|
|
|a \\\89033088
|
| 020 |
|
|
|a 0139353224
|
| 040 |
|
|
|a DLC
|c DLC
|d DLC
|d BD-DhAAL
|
| 082 |
0 |
0 |
|a 621.3822
|2 20
|
| 100 |
1 |
|
|a Lim, Jae S.
|9 58971
|
| 245 |
1 |
0 |
|a Two-dimensional signal and image processing /
|c Jae S. Lim.
|
| 260 |
|
|
|a Englewood Cliffs, N.J. :
|b Prentice Hall,
|c c1990.
|
| 300 |
|
|
|a xvi, 694 p. :
|b ill. ;
|c 23 cm
|
| 490 |
0 |
|
|a Prentice Hall signal processing series
|
| 504 |
|
|
|a Includes bibliographical references and index.
|
| 526 |
|
|
|a EEE
|
| 541 |
1 |
|
|e 00020422
|
| 650 |
|
0 |
|a Signal processing
|x Digital techniques.
|
| 650 |
|
0 |
|a Image processing
|x Digital techniques.
|
| 852 |
4 |
|
|a Ayesha Abed Library
|c General Stacks
|
| 942 |
|
|
|2 ddc
|c BK
|
| 999 |
|
|
|c 8887
|d 8887
|
| 952 |
|
|
|0 0
|1 0
|2 ddc
|4 0
|6 621_382200000000000_LIM_1990
|7 0
|9 10861
|a BRACUL
|b BRACUL
|c GEN
|d 2010-06-10
|e Trim Education
|g 7990.00
|l 0
|o 621.3822 LIM
|p 3010020422
|r 2010-06-10
|t 1
|v 15980.00
|w 2010-06-10
|y BK
|